000 00533nam a22001697a 4500
005 20251108171252.0
008 250721s1987 xx 000 0 ara d
082 1 4 _a216.6/الص
100 1 _aمحجوب عبد النور، محمود
245 1 0 _aالصلح :
_bأثره في انهاء الخصومة في الفقه الإسلامي /
264 1 _aبيروت :
_bدار الجيل،
_c1987.
300 _a335ص
650 1 7 _aالإسلامالفقه
650 1 7 _aالمخاصمات
942 _2ddc
_cBK
999 _c60917
_d60917